|
|
|
|
| LEADER |
00587cam a2200169 7i4500 |
| 001 |
0000045815 |
| 005 |
20170502090000.0 |
| 008 |
170502s2005 enk eng |
| 020 |
# |
0 |
|a 0470094265
|
| 090 |
0 |
0 |
|a RC 537
|b .M66 2005
|
| 245 |
0 |
0 |
|a Mood disorders :
|b clinical management and research issues
|c editors, Eric J.L. Griez ... [et al.].
|
| 260 |
# |
# |
|a Chichester, West Sussex:
|b J. Wiley,
|c 2005.
|
| 300 |
# |
# |
|a xv, 545 p.:
|b ill.;
|c 24 cm..
|
| 650 |
0 |
0 |
|a Depression, Mental
|
| 650 |
0 |
0 |
|a Affective disorders
|
| 700 |
1 |
1 |
|a Griez, E. J. L.
|
| 999 |
|
|
|a 1100035665
|b Book
|c Open Shelf
|e KOLEKSI TERBUKA
|